00430nam a22001697a 4500003000400000005001700004008004100021040000900062082001500071100002000086245002600106250000600132260003200138300000800170630001800178650006400196OSt20221117065825.0221117b |||||||| |||| 00| 0 eng d cSBCL a339bPAR-M aParkin, Michael aModern Macroeconomics a2 aCanadabPrentice Hallc1986 a732 xGeneral Stack 2Social sciencesaEconomicsvMacroeconomics & related topics